000 00613nam a2200217Ia 4500
003 OSt
005 20220928135721.0
006 a|||||r|||| 00| 0
007 ta
008 220927b |||||||| |||| 00| 0 eng d
024 _a4641
037 _cTextual
040 _aSDCL
_cSDCL
_beng
041 _2eng
_aeng
082 _aX:5460j327.2'N8, M2
100 _aBharat-Ram Vinay
_9492649
245 0 _aTowards a theory of import substitution exchange rates and economic development
260 _c1982
942 _hX:5460j327.2'N8, M2
_cTEXL
_2CC
999 _c808275
_d808275